| 000 | 01103cam a22003497a 4500 | ||
|---|---|---|---|
| 003 | CHAP | ||
| 005 | 20220817042200.0 | ||
| 008 | 971013s1976 it a r 00010 spa d | ||
| 010 | _a37009 | ||
| 011 | _a37981 | ||
| 020 | _a9253000301 | ||
| 035 | _a42101 | ||
| 040 | _cCHAP | ||
| 082 |
_a631.7 _bF3 v.27 |
||
| 110 | 2 | _aFAO | |
| 245 | 1 | 0 |
_aEstaciones agrometeorológicas _c/por J. Doorenbos |
| 260 |
_aRoma : _bFAO, _c1976 |
||
| 300 |
_a112 p. _b: ilus. ; gráfs. |
||
| 490 | 0 |
_aRiego y drenaje _v; 27 |
|
| 590 |
_aBATCH-UPD _b10 _c20130110 _lUCH01 _h0934 |
||
| 590 |
_aBATCH-UPD _b10 _c20130410 _lUCH01 _h0552 |
||
| 590 |
_aBATCH-UPD _b10 _c20130914 _lUCH01 _h1322 |
||
| 590 |
_aCONVERSION _b10 _c20130109 _lUCH01 _h1321 |
||
| 650 | 1 | 4 |
_aEstaciones meteorológicas. _938196 |
| 650 | 1 | 4 |
_aMeteorología agrícola. _975217 |
| 700 | 0 |
_aDoorenbos, J. _933986 |
|
| 830 | 0 |
_aRiego y drenaje _v; 27 _997387 |
|
| 901 | _aBK | ||
| 942 | _cLIBRO | ||
| 949 |
_a551.5 F3Y _bBC _cFAO _d33724000579728 _eFAO1 _h58324 _i42101 _si |
||
| 949 |
_a631.7 F3 v.27 _bBC _cFAO _d33724002135017 _eFAO2 _fc.2 _gDonaciØn _h78274 _i42101 _sb |
||
| 999 |
_c37009 _d37009 |
||